Roman Numbers with the same amount of digits as Arabic Numbers - Statistics

General Stats
  • This quiz has been taken 83 times
    46 since last reset
  • The average score is 40 of 144
Answer Stats
Arabic Roman % Correct
1 I
100%
5 V
86%
20 XX
81%
11 XI
78%
15 XV
67%
51 LI
53%
60 LX
50%
300 CCC
47%
106 CVI
47%
111 CXI
47%
55 LV
47%
40 XL
47%
102 CII
44%
104 CIV
44%
151 CLI
44%
155 CLV
44%
90 XC
44%
109 CIX
42%
201 CCI
39%
160 CLX
39%
140 CXL
39%
250 CCL
36%
205 CCV
36%
210 CCX
36%
190 CXC
36%
115 CXV
36%
120 CXX
36%
700 DCC
36%
520 DXX
36%
1.003 MIII
36%
1.007 MVII
36%
401 CDI
33%
601 DCI
33%
650 DCL
33%
610 DCX
33%
511 DXI
33%
515 DXV
33%
1.012 MXII
33%
1.014 MXIV
33%
1.016 MXVI
33%
450 CDL
31%
405 CDV
31%
410 CDX
31%
605 DCV
31%
502 DII
31%
504 DIV
31%
509 DIX
31%
551 DLI
31%
555 DLV
31%
560 DLX
31%
506 DVI
31%
590 DXC
31%
540 DXL
31%
910 CMX
28%
901 CMI
25%
950 CML
25%
905 CMV
25%
1.300 MCCC
25%
1.201 MCCI
25%
1.205 MCCV
25%
1.111 MCXI
25%
1.019 MXIX
25%
1.021 MXXI
25%
1.025 MXXV
25%
1.250 MCCL
22%
1.210 MCCX
22%
1.102 MCII
22%
1.104 MCIV
22%
1.109 MCIX
22%
1.151 MCLI
22%
1.106 MCVI
22%
1.190 MCXC
22%
1.115 MCXV
22%
1.120 MCXX
22%
1.601 MDCI
22%
1.605 MDCV
22%
1.610 MDCX
22%
1.502 MDII
22%
1.052 MLII
22%
1.054 MLIV
22%
1.059 MLIX
22%
1.056 MLVI
22%
1.061 MLXI
22%
1.065 MLXV
22%
1.030 MXXX
22%
1.401 MCDI
19%
1.450 MCDL
19%
1.405 MCDV
19%
1.410 MCDX
19%
1.155 MCLV
19%
1.160 MCLX
19%
1.140 MCXL
19%
1.700 MDCC
19%
1.504 MDIV
19%
1.509 MDIX
19%
1.551 MDLI
19%
1.555 MDLV
19%
1.560 MDLX
19%
1.506 MDVI
19%
1.590 MDXC
19%
1.511 MDXI
19%
1.515 MDXV
19%
1.070 MLXX
19%
2.200 MMCC
19%
2.400 MMCD
19%
2.101 MMCI
19%
2.110 MMCX
19%
2.600 MMDC
19%
3.500 MMMD
19%
3.001 MMMI
19%
3.050 MMML
19%
3.005 MMMV
19%
3.010 MMMX
19%
1.091 MXCI
19%
1.095 MXCV
19%
1.041 MXLI
19%
1.045 MXLV
19%
1.901 MCMI
17%
1.950 MCML
17%
1.905 MCMV
17%
1.910 MCMX
17%
1.650 MDCL
17%
1.540 MDXL
17%
1.520 MDXX
17%
2.150 MMCL
17%
2.900 MMCM
17%
2.105 MMCV
17%
2.501 MMDI
17%
2.550 MMDL
17%
2.505 MMDV
17%
2.510 MMDX
17%
2.002 MMII
17%
2.004 MMIV
17%
2.009 MMIX
17%
2.051 MMLI
17%
2.055 MMLV
17%
2.060 MMLX
17%
2.006 MMVI
17%
2.090 MMXC
17%
2.011 MMXI
17%
2.040 MMXL
17%
2.015 MMXV
17%
2.020 MMXX
17%
3.100 MMMC
14%
No matching quizzes found
Score Distribution
Percent of People with Each Score
Percentile by Number Answered
Your Score History
You have not taken this quiz since the last reset